Zgadnij pokemona po kilku literach - Statystyki

Ogólne statystyki
  • Ten quiz został rozwiązany 628 razy
  • Średni wynik to 6 z 15
Statystyki odpowiedzi
Podpowiedź Pokemon % Poprawnych
E.vee Eevee
95%
P.....u Pikachu
95%
Ch...... D Charizard
75%
Exeg...r Exegutor
64%
Mim...u Mimikyu
37%
Mew..h Meowth
36%
Mant..e Mantine
34%
M.... Ak Marowak
30%
G....r Gengar
28%
M.....o Mewtwo
26%
Li..up Lilpup
22%
Wob...t Wobufet
19%
Po....o Popllio
16%
Ma....e Marinie
4%
Tert..... Or Tertoneitor
4%
Nie znaleziono quizów pasujących do podanych kryteriów
Rozkład punktacji
Procent ludzi z każdym wynikiem
Percentyl według liczby udzielonych odpowiedzi
Twoja historia wyników
Nie rozwiązałeś tego quizu